000 00813nam a2200217 a 4500
001 000044056
005 20201002045124.0
008 140514s2001 sp 000 p spa d
040 _aDO-SdBNP
_bspa
_cBNPHU
041 1 7 _aspa
_hport.
082 _axxxx
_bxxxx
100 1 _aVespeira, Marcelino
_d1925-
_972043
240 1 0 _aSimumis
_lEspañol
245 1 0 _aSimumis /
_cMarcelino Vespeira ; edición y traducción Perfecto E. Cuadrado.
260 _a[Mérida] :
_bJunta de Extremadura,
_bGabinete de iniciativas transfronterizas,
_c2001.
300 _a53 p. ;
_c20 cm.
490 1 _aLa Estirpe de los argonautas
_acuadernos de poesía
_v7
500 _aText bilinguüe castellà-portuguès.
700 1 2 _aCuadrado, Perfecto E.
_etr.
_969923
830 0 _aLa Estirpe de los argonautas
_pcuadernos de poesía ;
_n7
_972044
999 _c43545
_d43545